| 000 | 01195nam a2200289 i 4500 | ||
|---|---|---|---|
| 001 | 16759 | ||
| 003 | ES-MaACL | ||
| 005 | 20230906151406.0 | ||
| 007 | t| | ||
| 008 | 001102s1988 sp ||||1| spa d | ||
| 080 | _a75 Palencia, Benjamín (064.3) | ||
| 100 | 1 |
_aSanz Gamo, Rubí. _9103641 |
|
| 245 | 1 | 0 |
_aBenjamín Palencia _b: exposición antológica / _c[Rubí Sanz Gamo, Mª Victoria Cadarso Vecina, Mª del Mar García Moya]. |
| 260 |
_aZamora : _bCaja de Zamora, _c[1988] |
||
| 300 |
_a33 p. : _bil. col. ; _c30 cm. |
||
| 500 | _aExposición celebrada en la Caja de Zamora, 19 abril-15 mayo, 1988. | ||
| 500 | _aEn la port.: Ministerio de Cultura, Consejería de Educación y Cultura, Junta de Comunidades de Castilla-La Mancha, Museo de Albacete. | ||
| 600 | 1 | 4 |
_aPalencia, Benjamín- _vExposiciones. _988531 |
| 655 | 7 |
_2tgfbne _9193628 _aCatálogos de exposiciones |
|
| 700 | 1 |
_aPalencia, Benjamín. _988530 |
|
| 700 | 1 |
_aCadarso Vecina, María Victoria. _933376 |
|
| 700 | 1 |
_aGarcía Moya, María del Mar. _955009 |
|
| 710 | 2 |
_aCaja de Ahorros Provincial de Zamora. _92314 |
|
| 852 |
_aES-MaACL _j2155-F-17 _bR.129186 |
||
| 942 | _2udc | ||
| 999 |
_c16759 _d16759 |
||